| 000 | 00466nam a2200181Ia 4500 | ||
|---|---|---|---|
| 001 | 17551 | ||
| 005 | 20260306171525.0 | ||
| 008 | 260306s9999||||xx |||||||||||||| ||und|| | ||
| 041 | _aESP | ||
| 082 |
_a658.022 _bS71 |
||
| 100 |
_aSoto Pineda, Eduardo _eAUT |
||
| 245 | 0 |
_aLas Pymes ante el reto del iglo XXI: _blos nuevos mercados globales |
|
| 260 | _c2004 | ||
| 300 |
_a235 páginas : _c22 cm. |
||
| 650 | _aGEN | ||
| 654 | _aCAN | ||
| 942 |
_cLIB _dJUS _fJUS _2ddc _n |
||
| 999 |
_c17551 _d17551 |
||